000
00331 a2200157 4500
001
186400
020
_a
85-85997-01-X
040
_c
Magnum
100
_a
Amorim, Galeno
240
1
0
_a
Ed quebra-ossos
_l
por
245
1
0
_a
Ed quebra-ossos
300
_a
31
362
0
_a
1995
697
_a
LITERATURA INFANTO-JUVENIL
942
_c
BK
999
_c
186400
_d
186400